Detalles MARC
| 000 -CABECERA |
| campo de control de longitud fija |
01424nam a22002417i 4500 |
| 003 - IDENTIFICADOR DEL NÚMERO DE CONTROL |
| campo de control |
DO-SdBNP |
| 005 - FECHA Y HORA DE LA ÚLTIMA TRANSACCIÓN |
| campo de control |
20230615104449.0 |
| 007 - CAMPO FIJO DE DESCRIPCIÓN FÍSICA--INFORMACIÓN GENERAL |
| campo de control de longitud fija |
ta |
| 008 - DATOS DE LONGITUD FIJA--INFORMACIÓN GENERAL |
| campo de control de longitud fija |
230601b2003 sp ||||| |||| 00| 0 spa d |
| 040 ## - FUENTE DE LA CATALOGACIÓN |
| Centro catalogador/agencia de origen |
DO-SdBNP |
| Lengua de catalogación |
spa |
| Centro/agencia transcriptor |
BNPHU |
| Normas de descripción |
rda |
| 082 #4 - NÚMERO DE LA CLASIFICACIÓN DECIMAL DEWEY |
| Número de clasificación |
303.38 |
| Número de documento/Ítem |
V483p |
| Número de edición |
22 |
| 245 13 - MENCIÓN DE TÍTULO |
| Título |
Políticas Públicas de Estímulo al Control Social de a Gestión Pública : |
| Resto del título |
dimensiones conceptuales / |
| Mención de responsabilidad, etc. |
Luis Verdesoto |
| 264 #4 - PRODUCCIÓN, PUBLICACIÓN, DISTRIBUCIÓN, FABRICACIÓN Y COPYRIGHT |
| Producción, publicación, distribución, fabricación y copyright |
Santo Domingo : |
| Nombre del de productor, editor, distribuidor, fabricante |
INTEC, |
| Fecha de producción, publicación, distribución, fabricación o copyright |
2003. |
| 300 ## - DESCRIPCIÓN FÍSICA |
| Extensión |
111 páginas ; |
| Dimensiones |
29 cm. |
| 336 ## - TIPO DE CONTENIDO |
| Fuente |
rdacontent |
| Término de tipo de contenido |
texto |
| Código de tipo de contenido |
txt |
| 337 ## - TIPO DE MEDIO |
| Fuente |
rdamedia |
| Nombre/término del tipo de medio |
sin mediación |
| Código del tipo de medio |
n |
| 338 ## - TIPO DE SOPORTE |
| Fuente |
rdacarrier |
| Nombre/término del tipo de soporte |
volumen |
| Código del tipo de soporte |
nc |
| 490 ## - MENCIÓN DE SERIE |
| Mención de serie |
sociedad civil ; Serie capacitación ; |
| Número Internacional Normalizado para Publicaciones Seriadas |
1 |
| 505 ## - NOTA DE CONTENIDO CON FORMATO |
| Nota de contenido con formato |
Elementos a tener en cuenta en la capacitación de adultas/os vii -- Presentación ix -- Nota preliminar xiii -- Los módulos pedagógicos xix -- Introducción 1 -- antecedentes: estructuración de la propuesta pedagógica sobre el tema del control social de la gestión pública 5 -- La problemática: participación y responsabilidad 14 -- Reconformación y refuncionalización del estado: diagnóstico de partida y propuestas de cambio 28 -- La reconformación de lo público 40 -- Algunos temas pertinentes a República Dominicana 48 -- La contraloría social 66 -- Las condiciones del control social 76 -- Anexos 96 -- Taller de capacitación 96 -- Bibliografía 110 |
| 590 ## - NOTA LOCAL (RLIN) |
| Nota local |
Inventariado, 2023/DG |
| 910 ## - DATOS DE OPCIÓN DEL USUARIO (OCLC) |
| Datos de opción del usuario |
DG |
| 942 ## - ELEMENTOS DE PUNTO DE ACCESO ADICIONAL (KOHA) |
| Fuente del sistema de clasificación o colocación |
Dewey Decimal Classification |
| Tipo de ítem Koha |
Libro |